000 00622nam a2200241Ia 4500
003 OSt
005 20220918212633.0
006 a|||||r|||| 00| 0
007 ta
008 220917b |||||||| |||| 00| 0 eng d
024 _a129,589
037 _cTextual
040 _aARTS
_cARTS
_beng
041 _2eng
_aeng
082 _aX:2717z7, M0
100 _aPachauri A K
_9124368
245 0 _aInternational energy studies
260 _aNew Delhi
_bWiley
_c1980
300 _axxviii, 507p.
_ccm.
650 _aECONOMICS
942 _hX:2717z7, M0
_cTEXL
_2CC
999 _c252716
_d252716